000
00305nam a2200109Ia 4500
008
220624s9999 xx 000 0 und d
020
_a
0 624 02612 4
082
_a
AF DE
100
_a
De Kock, Helene
_9
67844
245
0
_a
JOERNAAL VAN N WINTER JAAR
942
_c
BK
_w
561
_x
John Tresidder
_y
_z
CRON CRON
999
_c
687347
_d
687346